Powiaty Polski w pierogu - Statystyki

Ogólne statystyki
  • Ten quiz został rozwiązany 2 490 razy
  • Średni wynik to 47 z 121
Odpowiedzi na mapie
Odpowiedzi zakodowano w zielono-czerwonej skali na mapie do tego quizu, zgodnie z poniższymi procentami.
 
Statystyki odpowiedzi
Powiat % Poprawnych
miasto {Warszawa}
91%
miasto {Łódź}
88%
miasto {Poznań}
83%
miasto {Bydgoszcz}
77%
miasto {Toruń}
77%
miasto {Radom}
76%
poznański
75%
miasto {Kielce}
73%
bydgoski
71%
radomski
71%
toruński
71%
miasto {Płock}
70%
kielecki
69%
płocki
67%
miasto {Konin}
65%
miasto {Piotrków Trybunalski}
65%
miasto {Kalisz}
64%
koniński
62%
miasto {Włocławek}
62%
kaliski
61%
piotrkowski
61%
włocławski
59%
pruszkowski
57%
miasto {Skierniewice}
56%
skierniewicki
55%
inowrocławski
50%
bełchatowski
48%
gnieźnieński
48%
pabianicki
48%
pilski
48%
zgierski
47%
legionowski
46%
ostrowski
45%
tomaszowski
44%
sieradzki
43%
otwocki
42%
kolski
41%
łódzki wschodni
41%
łowicki
41%
wołomiński
41%
kutnowski
40%
aleksandrowski
39%
warszawski-zachodni
39%
grodziski
38%
ostrowiecki
38%
sandomierski
38%
żyrardowski
38%
miński
37%
piaseczyński
37%
grójecki
36%
radomszczański
36%
skarżyski
36%
turecki
36%
wieluński
36%
ciechanowski
35%
częstochowski
35%
nowodworski
35%
starachowicki
35%
rawski
34%
sochaczewski
33%
łęczycki
32%
mławski
32%
garwoliński
31%
płoński
31%
zduńskowolski
31%
gostyniński
29%
pułtuski
29%
średzki
29%
śremski
29%
żniński
29%
jarociński
28%
jędrzejowski
28%
łaski
28%
opoczyński
28%
puławski
28%
wrzesiński
28%
nakielski
27%
obornicki
27%
opatowski
27%
włoszczowski
27%
brodnicki
26%
brzeziński
26%
buski
26%
konecki
26%
kozienicki
26%
pajęczański
26%
szamotulski
26%
białobrzeski
25%
gostyński
25%
poddębicki
25%
sierpecki
25%
wieruszowski
25%
żuromiński
25%
golubsko-dobrzyński
24%
lipski
24%
mogileński
24%
rypiński
24%
szydłowiecki
24%
chełmiński
23%
krotoszyński
23%
pińczowski
23%
pleszewski
23%
przysuski
23%
wągrowiecki
23%
kościański
22%
lipnowski
22%
ostrzeszowski
22%
słupecki
22%
zwoleński
22%
nowotomyski
21%
staszowski
21%
chodzieski
20%
czarnkowsko-trzcianecki
20%
klobucki
20%
radziejowski
20%
rycki
20%
międzychodzki
19%
opolski
19%
wąbrzeski
19%
strzelecko-drezdenecki
15%
Nie znaleziono quizów pasujących do podanych kryteriów
Rozkład punktacji
Procent ludzi z każdym wynikiem
Percentyl według liczby udzielonych odpowiedzi
Twoja historia wyników
Nie rozwiązałeś tego quizu